Odgadnij rapowy wers *TRUDNE* - Statystyki

Ogólne statystyki
  • Ten quiz został rozwiązany 135 razy
  • Średni wynik to 8 z 30
Statystyki odpowiedzi
Hint Odpowiedź % Poprawnych
"Wystarczy mi dzień laby i już w pizdę mam nieodebranych, o Ty daj mi złapać oddech, ty daj mi złapać oddech" ReTo - UA
63%
"Byłaś dla mnie moim słońcem, dzisiaj kocham, kiedy pada Byłeś dla mnie moim ziomkiem, miałem cię za mego brata" Bedoes - 05:05
53%
"Piękny mój krajobraz ujebany jest w bilboardach cały Zdarzy się, że widzę znajomego na wieżowcu czasem" Taco Hemingway - POLSKIE TANGO
50%
"Może zmieńmy tytuł tego kawałka na "Muchy" Bo wyglądasz jakbyś przepłynęła morze gówna" Białas - Karaluchy
49%
"Chodzimy po centrum, mój ziomal ma dredy jak Renato Sanches" Bedoes - Diamenty
47%
"Ja i moi mili niedobrzy znajomi o północy ze mną na czele tańczymy nasze danse macabre" CatchUp - Danse Macabre
42%
"Ja piję z ziomkami, a kiedyś nie było mnie stać na nowe trampki Zasługuję na wieczne wakacje, a nie chodzenie do tej pracy" Young Multi - Plecak
42%
"Jestem jebanym dzieciakiem Moja drużyna i ja ciągle zarabiamy papier" Bedoes - Mbappe
40%
"Ona pyta się mnie: "co to jest za taniec?" (co?) Ja udaję, że tego nie usłyszałem (co?) Powiedzmy, że to breakdance (aa, no) Żeby odpowiedzieć, to na głowie staję" White 2115 - Gubię kroki
39%
"Byłem najebany, najebany, najebany, najebany, najebany Ale, wulgarny typ, i to niby jest muzyka dla młodzieży Wulgarny typ, udajesz jakbyś sam teraz taki nie był" White 2115 - Johnny Knoxville
36%
"Żaden ze mnie idiota, wiem, że chodzi Ci o mój chlebak (o cash!) Patrz komu ufasz i bądź twardy, bracie (bracie, bracie)" Bedoes - Braciszku
35%
"Babiarz, hazardzista nie ma dla mnie miejsca w niebie Raperzy wciąż to samo dzieciakom prawią morały Każdy taki charakterny, każdy taki twardy" Malik Montana - Mówili
35%
"Dzisiaj jak czegoś nie zrobię, no to nie wytrzymam Zamieniłem wszystkie fobie, na to że się spinam" Żabson - DMT
33%
"Jestem w chuj weirdo, w sercu w chuj wilgoć Zasypiałem w piekle i było mi w chuj zimno" Quebonafide - TEEN KASIA
32%
"Ej płać, cały bar w kolejkach Tu nikt nie płacze, to nie koncert Drake'a" Wac Toja - Zabija #3/Twerk
22%
"Tak twardo, ona czuje, jakby bawiła się dildem Między piętrami znowu zatrzymuję windę" Kaz Bałagane - Trendsetter
20%
"Żyję sobie w snach, tak się toczy moje życie Wy nie żyjecie w snach, bo żyjecie zbyt prawdziwie głupie kurwy" Nypel - Szansa na sukces
20%
"Gdzie mój anioł stróż? Tu się nie śpiewa kolędy I stąd ani rusz nim się uzbroisz po zęby" Beteo - HOOD ANGEL
19%
"Lubię fajne kobity, z nimi tańce po świty Tatuaże kolczyki, mordy darcie, skowyty" Adi Nowak - Placebo
16%
"Mateusz pisze mi na Gmail, a co drugi z piaskownicy to dziś diler Przejechałem całą Polskę z koncertami" Bedoes - Choker
14%
"Los muchachos, tequilla, sól, cytryna, sosy, nachos Siedzimy pijemy i drzemy ryja, stół obok nie sprzyja patrząc" TEDE - T-Killa
12%
"She said she love me for my fame She said she wanna take a picture with my fucking chain Yeah, lately I've been so depressed But I hope my money gonna help me really fucking fast" Young Multi - 9 ŻYĆ
12%
"Kiedyś to oni nie chcieli mnie znać Dziś robią zdjęcia jak przechodzę obok" DZIARMA - TAK BARDZO
9%
"Brat ma widzieć, jak wisi łańcuch na szyi, nie głowa rodziny Mamie diamenty mają świecić, a nie bardzo duże łzy" Szpaku - Dobry Chłopak
9%
"Za dwa lata wyjebie w kosmos jak Quebonafide" Qry - Motto
8%
"Zawsze zostawałem tam po lekcjach, ostatnia ławka, syndrom zwycięstwa Musieli mieć mnie za debila, skoro nie umiałem gadać jak reszta" Przyłu - HOMELESS BOY
6%
"Nieistotna jest dla mnie, żadna inna kwestia Moje ziomy w dresach, grają sobie w berka" Tymek - DIAMENTOWE SERCA
6%
"Znowu jestem sam, chodzisz mi po głowie Znowu nie mogę spać, powiedz co jest ze mną Powiedz skarbie, co jest nie tak Znowu czekam na ten głupi dźwięk messengera" Cheatz - Sam
5%
"Proszę zdobywajmy ten świat prawdą A nie sztuczną podrabianą Pradą" Young Multi - Kim ty jesteś?
5%
"Weź się zapomnij, tej nocy ty będziesz moja Weź się zapomnij, tu niepotrzebne słowa Weź się zapomnij" CZUUX - LIZAK
3%
Nie znaleziono quizów pasujących do podanych kryteriów
Rozkład punktacji
Procent ludzi z każdym wynikiem
Percentyl według liczby udzielonych odpowiedzi
Twoja historia wyników
Nie rozwiązałeś tego quizu